000 00337nam a22001097a 4500
008 160210b xxu||||| |||| 00| 0 eng d
020 _a9789951541060
041 _aeng
080 _a336
245 _aRaportimi financiar i avancuar P9 :
_cShoqata e Kontabilistëve të Çertifikuar dhe Auditorëve të Kosovës (ShKÇAK) /
942 _2udc
_cBK
999 _c1417
_d1417